Η ηθική : δοκίμιο για τη συνείδηση του κακού
Αποθηκεύτηκε σε:
| Κύριος συγγραφέας: | |
|---|---|
| Άλλοι συγγραφείς: | , |
| Μορφή: | Βιβλίο |
| Γλώσσα: | Greek French |
| Δημοσίευση: |
Αθήνα :
Scripta,
1998.
|
| Θέματα: | |
| Ετικέτες: |
Προσθήκη ετικέτας
Δεν υπάρχουν, Καταχωρήστε ετικέτα πρώτοι!
|
MARC
| LEADER | 00000cam a2200000 i 4500 | ||
|---|---|---|---|
| 001 | 1/3190 | ||
| 008 | 100115s1998 gr | ||| |||| ||gre|| | ||
| 020 | |a 9607909127 | ||
| 035 | |l 10106288 | ||
| 040 | |a GR-MyUA |b gre |e AACR2 | ||
| 041 | 1 | |a gre |h fre | |
| 082 | 0 | |a 170 |2 (22) | |
| 100 | 1 | |a Badiou, Alain. | |
| 245 | 1 | 2 | |a Η ηθική : |b δοκίμιο για τη συνείδηση του κακού / |c Alain Badiou ; μετάφραση Βλάσης Σκολίδης - Κώστας Μπόμπας. |
| 260 | |a Αθήνα : |b Scripta, |c 1998. | ||
| 300 | |a 103 σ. ; |c 18 εκ. | ||
| 500 | |a Μετάφραση απο τα γαλλικά | ||
| 500 | |a Τίτλος πρωτοτύπου: L'ethique. | ||
| 504 | |a Βιβλιογραφία: σ. 98. | ||
| 650 | 0 | 0 | |a Good and evil. |
| 650 | 0 | 0 | |a Ethics. |
| 700 | 1 | |a Σκολίδης, Βλάσης, |e trl [Μεταφραστής] | |
| 700 | 1 | |a Μπόμπας, Κώστας, |e trl [Μεταφραστής] | |
| 852 | |a INST |b LESVOS |e 20100115 |h 170 BAD |p 005100045849 |q 005100045849 |t BK |y 0 | ||
| 901 | |a BIBL1-2010-1 | ||
| 909 | |a Λ |b 160139 | ||
| 970 | |a ΓΙΑΛΑΜΑ |b ΜΑΡΙΑ |z 2010/01/15 | ||